Normal view
MARC view
Entry Personal Name
001 - CONTROL NUMBER
- control field: 69604
003 - CONTROL NUMBER IDENTIFIER
- control field: OSt
005 - DATE AND TIME OF LATEST TRANSACTION
- control field: 20171206125134.0
008 - FIXED-LENGTH DATA ELEMENTS
- fixed length control field: 171206|| aca||aabn | a|a d
040 ## - CATALOGING SOURCE
- Original cataloging agency: OSt
- Transcribing agency: OSt
100 ## - HEADING--PERSONAL NAME
- Personal name: प्रकाश मनु, डॉ सुनीता
670 ## - SOURCE DATA FOUND
- Source citation: Work cat.: (OSt)46695: प्रकाश मनु, डॉ सुनीता , कहानियॉ नानी की , 2011









